000 00331nam a2200133Ia 4500
008 230413s9999||||xx |||||||||||||| ||und||
020 _a9780571330447
082 _a813.6
_bW5524
100 _aWhaley, John Corey
245 0 _aHighly illogical behavior
260 _aLondon
_bFaber & Faber
_c2016
300 _a249 p.
942 _cBK
999 _c26404
_d26404